[Event "Regionalliga SW 0708"]
[Site "Bayern"]
[Date "2007.11.04"]
[Round "2.7"]
[White "Luettge, Bernd"]
[Black "Stubenrauch, Bruno"]
[Result "1-0"]
[WhiteElo "1944"]
[BlackElo "1998"]
[PlyCount "113"]
[EventDate "2007.10.21"]
[EventType "team-tourn"]
[EventRounds "9"]
[EventCountry "GER"]
[SourceTitle "EXT 2009"]
[Source "ChessBase"]
[SourceDate "2008.11.26"]
[SourceVersion "1"]
[SourceVersionDate "2008.11.26"]
[SourceQuality "1"]
[WhiteTeam "Klosterlechfeld"]
[BlackTeam "Kriegshaber"]
[WhiteTeamCountry "GER"]
[BlackTeamCountry "GER"]

1. g3 c6 2. Bg2 d6 3. b3 e5 4. Bb2 Be7 5. e3 Bf6 6. d3 Ne7 7. Nd2 0-0 8. Ne4 Ng6 9. Nxf6+ Qxf6 10. Ne2 Qe7 11. Qd2 Re8 12. c4 Nd7 13. 0-0 Ndf8 14. Rae1 Bf5 15. e4 Bd7 16. f4 f6 17. f5 Nh8 18. g4 Nf7 19. Ng3 Red8 20. Qe3 Be8 21. Bc1 Qc7 22. Qf2 h6 23. Be3 b6 24. Ne2 Rab8 25. Nc3 Rb7 26. Rc1 Qb8 27. h4 Nh7 28. Rc2 Rc8 29. Rfc1 Rd8 30. Kh1 Rc8 31. Ne2 Rd8 32. Ng1 c5 33. Nh3 Qc7 34. Rg1 Qe7 35. Bf3 Rc8 36. Qg3 a5 37. a4 Rcc7 38. Rcg2 Ra7 39. Qh2 Qd8 40. g5 hxg5 41. hxg5 fxg5 42. Nxg5 Nfxg5 43. Bxg5 Nxg5 44. Rxg5 Qf6 45. Qg3 Kf8 46. Rg2 Rd7 47. Rh2 Ke7 48. Bh5 Bxh5 49. Rhxh5 Kd8 50. Rg6 Qf7 51. Rh8+ Kc7 52. Rh7 Kb8 53. f6 Qg8 54. Qh3 Rd8 55. fxg7 Rad7 56. Rh8 Qf7 57. g8Q 1-0

[Event "Regionalliga SW 0708"]
[Site "Bayern"]
[Date "2007.10.21"]
[Round "1.7"]
[White "Rasch, Gerhard"]
[Black "Luettge, Bernd"]
[Result "0-1"]
[WhiteElo "2112"]
[BlackElo "1944"]
[PlyCount "74"]
[EventDate "2007.10.21"]
[EventType "team-tourn"]
[EventRounds "9"]
[EventCountry "GER"]
[SourceTitle "EXT 2009"]
[Source "ChessBase"]
[SourceDate "2008.11.26"]
[SourceVersion "1"]
[SourceVersionDate "2008.11.26"]
[SourceQuality "1"]
[WhiteTeam "Muenchen Tarrasch II"]
[BlackTeam "Klosterlechfeld"]
[WhiteTeamCountry "GER"]
[BlackTeamCountry "GER"]

1. c4 g6 2. g3 Bg7 3. Bg2 d6 4. Nc3 Nd7 5. d3 e6 6. e4 Ne7 7. Nge2 Rb8 8. Be3 a6 9. a4 0-0 10. 0-0 c6 11. b4 b5 12. axb5 axb5 13. cxb5 cxb5 14. d4 Nb6 15. f4 Nc4 16. Bf2 Bd7 17. Qd3 Nb2 18. Qb1 Nc4 19. Qd3 d5 20. Ra2 Nc6 21. Rb1 Qe7 22. Qd1 Nxb4 23. Ra7 Nc6 24. Rxd7 Qxd7 25. exd5 exd5 26. Nxd5 Rfe8 27. Ndc3 b4 28. Ne4 Na3 29. Rb3 Na5 30. Nc5 Qg4 31. Bf3 Qf5 32. Rd3 N3c4 33. d5 Nb2 34. Qc2 Nxd3 35. Nxd3 b3 36. Qb1 Nc4 37. g4 Qc8 0-1

[Event "Regionalliga SW 0506"]
[Site "Bayern"]
[Date "2006.01.29"]
[Round "6.8"]
[White "Luettge, Bernd"]
[Black "Demir, Bilal"]
[Result "1-0"]
[WhiteElo "1934"]
[BlackElo "1996"]
[PlyCount "125"]
[EventDate "2005.10.23"]
[EventType "team-tourn"]
[EventRounds "9"]
[EventCountry "GER"]
[SourceTitle "EXT 2007"]
[Source "ChessBase"]
[SourceDate "2006.11.23"]
[SourceVersion "1"]
[SourceVersionDate "2006.11.23"]
[SourceQuality "1"]

1. c4 f5 2. Nf3 Nf6 3. g3 g6 4. Bg2 Bg7 5. Nc3 0-0 6. Rb1 d6 7. 0-0 e5 8. d3 a5 9. a3 Nc6 10. b4 axb4 11. axb4 h6 12. b5 Ne7 13. Ne1 g5 14. e3 Ng6 15. Nd5 Nxd5 16. Bxd5+ Kh7 17. Bb2 Qe8 18. Ra1 Rxa1 19. Qxa1 c6 20. bxc6 bxc6 21. Bg2 f4 22. exf4 gxf4 23. Qa3 c5 24. Nf3 fxg3 25. hxg3 Ne7 26. Nd2 Qd7 27. Ne4 Bb7 28. Qa7 Nc6 29. Qa1 Nd4 30. Bxd4 exd4 31. Qa7 Rf7 32. Qb8 Bf8 33. Nf6+ Rxf6 34. Qxb7 Qxb7 35. Bxb7 Re6 36. Be4+ Kg7 37. Kg2 Be7 38. f4 Bf6 39. Rb1 Re8 40. Rb7+ Re7 41. Rb6 Rd7 42. Bf5 Rd8 43. Rb7+ Kf8 44. Kf3 Re8 45. Be4 Re7 46. Rb6 Rd7 47. Kg4 Bd8 48. Rb8 Kg7 49. Bf5 Bc7 50. Re8 Rd8 51. Re7+ Kf6 52. Re6+ Kf7 53. Rxh6 Rg8+ 54. Kf3 Rg7 55. g4 Ke7 56. Rh7 Rxh7 57. Bxh7 Kf6 58. Be4 Bd8 59. g5+ Kg7 60. Kg4 Ba5 61. f5 Bd2 62. f6+ Kf7 63. Kf5 1-0

[Event "Regionalliga SW 0506"]
[Site "Bayern"]
[Date "2006.01.15"]
[Round "5.7"]
[White "Luettge, Bernd"]
[Black "Schoenbauer, Max"]
[Result "1-0"]
[WhiteElo "1934"]
[BlackElo "1989"]
[PlyCount "59"]
[EventDate "2005.10.23"]
[EventType "team-tourn"]
[EventRounds "9"]
[EventCountry "GER"]
[SourceTitle "EXT 2007"]
[Source "ChessBase"]
[SourceDate "2006.11.23"]
[SourceVersion "1"]
[SourceVersionDate "2006.11.23"]
[SourceQuality "1"]

1. c4 Nf6 2. Nc3 g6 3. g3 Bg7 4. Bg2 0-0 5. e4 d6 6. Nge2 Nbd7 7. 0-0 c6 8. d3 e5 9. h3 Nc5 10. f4 Ne8 11. f5 a5 12. Be3 h6 13. Qd2 g5 14. Rab1 Nf6 15. g4 Nfd7 16. b3 f6 17. a3 Qe7 18. b4 axb4 19. axb4 Na6 20. Ra1 Rb8 21. b5 Nac5 22. Rfb1 Qd8 23. d4 exd4 24. Nxd4 Ne5 25. bxc6 Nxc4 26. Qa2 d5 27. c7 Qxc7 28. Nxd5 Qg3 29. Qxc4 Nxe4 30. Ne2 1-0

[Event "Landesliga Sued 0405"]
[Site "Bayern"]
[Date "2004.12.12"]
[Round "4.7"]
[White "Luettge, Bernd"]
[Black "Schmidt, Anton"]
[Result "0-1"]
[WhiteElo "1976"]
[BlackElo "2038"]
[PlyCount "75"]
[EventDate "2004.10.24"]
[EventType "team-tourn"]
[EventRounds "9"]
[EventCountry "GER"]
[SourceTitle "EXT 2007"]
[Source "ChessBase"]
[SourceDate "2006.11.23"]
[SourceVersion "1"]
[SourceVersionDate "2006.11.23"]
[SourceQuality "1"]
[WhiteTeam "Klosterlechfeld"]
[BlackTeam "Groebenzell"]
[WhiteTeamCountry "GER"]
[BlackTeamCountry "GER"]

1. d4 d5 2. Nf3 e6 3. c4 c5 4. g3 Nc6 5. cxd5 exd5 6. Nc3 Nf6 7. Bg2 Be7 8. 0-0 0-0 9. b3 Ne4 10. Bb2 Bf6 11. e3 Bg4 12. Ne2 Re8 13. h3 Bh5 14. Nf4 Bxf3 15. Bxf3 cxd4 16. exd4 Qd6 17. a3 Bg5 18. Bc1 Rad8 19. Qd3 Nxd4 20. Rd1 Bf6 21. Ra2 Rc8 22. Bxe4 dxe4 23. Qf1 Qc6 24. Be3 Nxb3 25. Nd5 Be5 26. Qe2 Nc1 27. Bxc1 f5 28. Qh5 g6 29. Qg5 Qe6 30. Bf4 Bg7 31. Rad2 h6 32. Qh4 g5 33. Bxg5 hxg5 34. Qxg5 Qf7 35. Nf4 e3 36. fxe3 Rxe3 37. a4 Rce8 38. Rd8 0-1

[Event "Landesliga Sued 0405"]
[Site "Bayern"]
[Date "2004.11.28"]
[Round "3.8"]
[White "Luettge, Bernd"]
[Black "Ott, Anton"]
[Result "1-0"]
[WhiteElo "1976"]
[BlackElo "1677"]
[PlyCount "67"]
[EventDate "2004.10.24"]
[EventType "team-tourn"]
[EventRounds "9"]
[EventCountry "GER"]
[SourceTitle "EXT 2007"]
[Source "ChessBase"]
[SourceDate "2006.11.23"]
[SourceVersion "1"]
[SourceVersionDate "2006.11.23"]
[SourceQuality "1"]
[WhiteTeam "Klosterlechfeld"]
[BlackTeam "Waldkirchen"]
[WhiteTeamCountry "GER"]
[BlackTeamCountry "GER"]

1. d4 e6 2. c4 d5 3. Nf3 Nf6 4. g3 c5 5. cxd5 Nxd5 6. Bg2 Nc6 7. 0-0 Qb6 8. e4 Nf6 9. d5 Nd4 10. Nc3 Bd7 11. Ne5 Be7 12. Nxd7 Nxd7 13. Re1 0-0 14. e5 Rac8 15. Rb1 a5 16. Na4 Qa6 17. d6 Bd8 18. Nxc5 Rxc5 19. Qxd4 Bb6 20. Qf4 f6 21. Qg4 f5 22. Qf4 Rfc8 23. Bf1 Qa7 24. Be3 Rc2 25. Bxb6 Qxb6 26. b4 a4 27. Rec1 Qc6 28. b5 Qc3 29. Rxc2 Qxc2 30. Ra1 Qc3 31. Rb1 Nxe5 32. Qxa4 Ng4 33. Qb3 Qxb3 34. Rxb3 1-0

[Event "Regionalliga SW 0304"]
[Site "Bayern"]
[Date "2004.03.07"]
[Round "7.6"]
[White "Schulz, Juergen2222"]
[Black "Luettge, Bernd"]
[Result "1/2-1/2"]
[WhiteElo "2048"]
[BlackElo "1959"]
[PlyCount "91"]
[EventDate "2003.10.??"]
[EventType "team"]
[EventRounds "9"]
[EventCountry "GER"]
[SourceTitle "EXT 2006"]
[Source "ChessBase"]
[SourceDate "2005.11.24"]
[SourceVersion "1"]
[SourceVersionDate "2005.11.24"]
[SourceQuality "1"]
[WhiteTeam "Bayern Muenchen III"]
[BlackTeam "Klosterlechfeld"]
[WhiteTeamCountry "GER"]
[BlackTeamCountry "GER"]

1. d4 Nf6 2. c4 c5 3. d5 b5 4. cxb5 a6 5. b6 d6 6. Nc3 g6 7. e4 Nbd7 8. a4 Qxb6 9. a5 Qb7 10. Nf3 Bg7 11. Be2 0-0 12. 0-0 Ne8 13. Nd2 Nc7 14. Ra3 Qa7 15. Rb3 Rb8 16. Kh1 Nb5 17. Nxb5 axb5 18. Bxb5 Qxa5 19. Nc4 Qc7 20. Bd2 Rxb5 21. Rxb5 Ba6 22. Qa4 Bxb5 23. Qxb5 Rb8 24. Qc6 Qa7 25. h3 Ne5 26. Nxe5 Bxe5 27. f4 Bd4 28. Bc3 Bxc3 29. bxc3 Qa2 30. Qc7 Re8 31. Qd7 Kf8 32. Qg4 Rb8 33. Qf3 Rb1 34. Rxb1 Qxb1+ 35. Kh2 Qc2 36. Qe3 Qd1 37. Kg3 Kg7 38. Kh2 h6 39. Kg3 h5 40. Qf3 Qe1+ 41. Kh2 Qd2 42. h4 Qe1 43. Kh3 Qh1+ 44. Kg3 Qe1+ 45. Kh3 Qh1+ 46. Kg3 1/2-1/2

[Event "Regionalliga SW 0304"]
[Site "Bayern"]
[Date "2003.11.23"]
[Round "3.7"]
[White "Altmann, Christoph"]
[Black "Luettge, Bernd"]
[Result "0-1"]
[WhiteElo "2037"]
[BlackElo "1959"]
[PlyCount "82"]
[EventDate "2003.10.??"]
[EventType "team"]
[EventRounds "9"]
[EventCountry "GER"]
[SourceTitle "EXT 2006"]
[Source "ChessBase"]
[SourceDate "2005.11.24"]
[SourceVersion "1"]
[SourceVersionDate "2005.11.24"]
[SourceQuality "1"]
[WhiteTeam "Muenchen Sendling"]
[BlackTeam "Klosterlechfeld"]
[WhiteTeamCountry "GER"]
[BlackTeamCountry "GER"]

1. d4 d6 2. e4 Nd7 3. Nf3 e6 4. Nc3 b6 5. Bd3 Bb7 6. Qe2 a6 7. Bg5 Ne7 8. 0-0-0 h6 9. Bf4 g6 10. e5 d5 11. h4 c5 12. Qd2 c4 13. Bf1 b5 14. Nb1 Qb6 15. Nh2 b4 16. c3 Nc6 17. Ng4 h5 18. Nf6+ Nxf6 19. exf6 Qa5 20. Bxc4 bxc3 21. Nxc3 dxc4 22. d5 Nb4 23. dxe6 Nd3+ 24. Kb1 fxe6 25. Rhe1 Qf5 26. Ka1 Qxf4 27. Rxe6+ Kf7 28. Qe2 Rh7 29. Rb6 Kg8 30. Qe6+ Kh8 31. g3 Qf5 32. Qxc4 Rd7 33. a3 Rc8 34. Qb3 Kh7 35. Qc2 Rcc7 36. Rd2 Kh8 37. Re2 Kg8 38. Ree6 Kf7 39. Qb3 Bd5 40. Nxd5 Rc1+ 41. Ka2 Nc5 0-1

[Event "Regionalliga SW 0304"]
[Site "Bayern"]
[Date "2003.11.02"]
[Round "2.7"]
[White "Luettge, Bernd"]
[Black "Von Essen, Markus"]
[Result "1-0"]
[WhiteElo "1959"]
[BlackElo "1970"]
[PlyCount "97"]
[EventDate "2003.10.??"]
[EventType "team"]
[EventRounds "9"]
[EventCountry "GER"]
[SourceTitle "EXT 2006"]
[Source "ChessBase"]
[SourceDate "2005.11.24"]
[SourceVersion "1"]
[SourceVersionDate "2005.11.24"]
[SourceQuality "1"]
[WhiteTeam "Klosterlechfeld"]
[BlackTeam "Unterhaching"]
[WhiteTeamCountry "GER"]
[BlackTeamCountry "GER"]

1. d4 Nf6 2. Nf3 g6 3. c4 Bg7 4. Nc3 0-0 5. e4 d6 6. h3 e5 7. d5 a5 8. Be3 Na6 9. g4 Bd7 10. Be2 c6 11. Nd2 cxd5 12. cxd5 Nc5 13. f3 Ne8 14. 0-0 f5 15. Kg2 Rf7 16. Nc4 Rc8 17. a4 Bf8 18. Rb1 Nf6 19. exf5 gxf5 20. b4 axb4 21. Rxb4 e4 22. Bd4 exf3+ 23. Bxf3 Nce4 24. Bxe4 Nxe4 25. Nxe4 fxe4 26. Rxf7 Kxf7 27. Rxb7 Kg8 28. Nb6 Rc7 29. Rxc7 Qxc7 30. Nxd7 Qxd7 31. Qe2 Qxa4 32. Qxe4 Qd7 33. Qf4 Qf7 34. Qxf7+ Kxf7 35. Kf3 Kg6 36. h4 Kf7 37. Ke4 Be7 38. Bf2 Bf8 39. Kf5 Be7 40. Bg3 Bf8 41. g5 Be7 42. h5 Bf8 43. Bh2 Be7 44. Bf4 Bf8 45. g6+ hxg6+ 46. hxg6+ Kg7 47. Bg5 Kg8 48. Bf6 Bh6 49. Be7 1-0

[Event "Regionalliga SW 0304"]
[Site "Bayern"]
[Date "2003.10.12"]
[Round "1.7"]
[White "Schulze, Hubertus"]
[Black "Luettge, Bernd"]
[Result "1/2-1/2"]
[WhiteElo "2079"]
[BlackElo "1959"]
[PlyCount "84"]
[EventDate "2003.10.??"]
[EventType "team"]
[EventRounds "9"]
[EventCountry "GER"]
[SourceTitle "EXT 2006"]
[Source "ChessBase"]
[SourceDate "2005.11.24"]
[SourceVersion "1"]
[SourceVersionDate "2005.11.24"]
[SourceQuality "1"]
[WhiteTeam "Muenchen Tarrasch II"]
[BlackTeam "Klosterlechfeld"]
[WhiteTeamCountry "GER"]
[BlackTeamCountry "GER"]

1. d4 Nf6 2. c4 c5 3. d5 b5 4. cxb5 a6 5. f3 d6 6. e4 g6 7. bxa6 Bxa6 8. Bxa6 Nxa6 9. Ne2 Bg7 10. 0-0 0-0 11. Nbc3 Qd7 12. Bg5 Rfb8 13. Qd2 Rb4 14. a3 Rb6 15. Rab1 Rab8 16. Be3 R6b7 17. h3 Ne8 18. f4 Nac7 19. f5 Nb5 20. fxg6 hxg6 21. Nxb5 Rxb5 22. Nc3 Rb3 23. Rfc1 Nc7 24. Qc2 R3b7 25. b3 Ra8 26. a4 Rab8 27. Bd2 e6 28. Rd1 Rc8 29. Be1 exd5 30. Nxd5 Nxd5 31. Rxd5 Be5 32. Bc3 Bxc3 33. Qxc3 Qe6 34. Qd3 Rc6 35. Rd1 Rb4 36. Rxd6 Rxd6 37. Qxd6 Qxb3 38. Qd8+ Kg7 39. e5 Qe3+ 40. Kh1 Qxe5 41. a5 Ra4 42. Rf1 Ra1 1/2-1/2

[Event "Dresden ZMD op"]
[Site "Dresden"]
[Date "2003.07.29"]
[Round "5"]
[White "Oelschlegel, Tobias"]
[Black "Luettge, Bernd"]
[Result "0-1"]
[WhiteElo "1602"]
[BlackElo "2103"]
[PlyCount "96"]
[EventDate "2003.07.25"]
[EventType "swiss"]
[EventRounds "9"]
[EventCountry "GER"]
[SourceTitle "EXT 2004"]
[Source "ChessBase"]
[SourceDate "2003.11.25"]
[SourceVersion "1"]
[SourceVersionDate "2003.11.25"]
[SourceQuality "1"]

1. e4 g6 2. d4 Bg7 3. Nc3 a6 4. a4 d6 5. f4 e6 6. Nf3 Ne7 7. Be3 b6 8. Bd3 Nbc6 9. 0-0 Nb4 10. Be2 Bb7 11. Qd2 0-0 12. Nd1 c5 13. c3 Nbc6 14. d5 exd5 15. exd5 Na5 16. Qe1 Nxd5 17. f5 Nxe3 18. Nxe3 Re8 19. Qf2 Qe7 20. f6 Qxe3 21. fxg7 Qxe2 22. Ng5 f5 23. Qg3 Qe3+ 24. Qxe3 Rxe3 25. Rad1 d5 26. Rf3 Rae8 27. Rxe3 Rxe3 28. Kf2 Re7 29. b4 Nc4 30. b5 a5 31. Nf3 Nb2 32. Re1 Nd3+ 33. Kf1 Nxe1 34. Nxe1 Re3 35. Nf3 Rxc3 36. Ne5 Ra3 37. Nd7 Rxa4 38. Nxb6 Rb4 39. Ke2 Rxb5 40. Na4 d4 41. g3 Bd5 42. Kd2 Kxg7 43. h4 Kf6 44. Kc1 Rb4 45. Kd2 Rxa4 46. Kc2 Ra2+ 47. Kd3 Ke5 48. h5 c4# 0-1

[Event "Regionalliga SW 0203"]
[Site "Bayern"]
[Date "2003.02.09"]
[Round "6.6"]
[White "Luettge, Bernd"]
[Black "Juettner, Andreas"]
[Result "1-0"]
[WhiteElo "1985"]
[BlackElo "1986"]
[PlyCount "91"]
[EventDate "2002.10.20"]
[EventType "team"]
[EventRounds "9"]
[EventCountry "GER"]
[SourceTitle "EXT 2004"]
[Source "ChessBase"]
[SourceDate "2003.11.25"]
[SourceVersion "1"]
[SourceVersionDate "2003.11.25"]
[SourceQuality "1"]
[WhiteTeam "Klosterlechfeld"]
[BlackTeam "Muenchen 36"]
[WhiteTeamCountry "GER"]
[BlackTeamCountry "GER"]

1. d4 d5 2. Nf3 Nf6 3. Bg5 Ne4 4. Bf4 Bf5 5. Nbd2 e6 6. e3 Be7 7. Nxe4 Bxe4 8. Be2 0-0 9. 0-0 c5 10. Ne5 Nd7 11. c3 Nxe5 12. Bxe5 Qb6 13. Qd2 Rfc8 14. Rae1 Bd6 15. Bxd6 Qxd6 16. dxc5 Qxc5 17. Bd3 Bxd3 18. Qxd3 Qc4 19. Qb1 Rc6 20. Rd1 Ra6 21. a3 Rb6 22. Rd2 Rc8 23. Rfd1 g6 24. h3 Qb3 25. Qd3 Rc4 26. Qe2 Qb5 27. Qf3 Qa4 28. Re1 Rb3 29. Qg3 Rc8 30. Qe5 Qb5 31. Ree2 Qb6 32. e4 dxe4 33. Qxe4 Rc5 34. Qa4 Rcb5 35. c4 Qa5 36. Qxa5 Rxa5 37. Rd8+ Kg7 38. Rd7 Rc5 39. Rxe6 Rxb2 40. Ree7 Rxc4 41. Rxf7+ Kh6 42. Rxh7+ Kg5 43. g3 Rc1+ 44. Kg2 Rc3 45. Rdf7 Rxa3 46. h4+ 1-0

[Event "Regionalliga SW 0001"]
[Site "Bayern"]
[Date "2001.01.28"]
[Round "5.6"]
[White "Luettge, Bernd"]
[Black "Begna, Bozidar"]
[Result "0-1"]
[WhiteElo "1955"]
[BlackElo "2050"]
[PlyCount "62"]
[EventDate "2000.10.15"]
[EventType "team-tourn"]
[EventRounds "9"]
[EventCountry "GER"]
[SourceTitle "EXT 2020"]
[Source "ChessBase"]
[SourceDate "2019.10.17"]
[SourceVersion "1"]
[SourceVersionDate "2019.10.17"]
[SourceQuality "1"]
[WhiteTeam "Klosterlechfeld"]
[BlackTeam "Muenchen Tarrasch"]
[WhiteTeamCountry "GER"]
[BlackTeamCountry "GER"]

1. d4 Nf6 2. c4 e6 3. Nf3 Bb4+ 4. Bd2 Qe7 5. g3 Nc6 6. Bg2 Bxd2+ 7. Qxd2 Ne4 8. Qc1 Qb4+ 9. Kf1 f5 10. a3 Qe7 11. b4 0-0 12. Nbd2 Qf6 13. e3 d6 14. Ra2 e5 15. d5 Nxd2+ 16. Rxd2 Ne7 17. h3 f4 18. exf4 exf4 19. Kg1 fxg3 20. fxg3 Nf5 21. Kh2 Ne3 22. Rf2 Qh6 23. Kg1 Bd7 24. g4 Qf4 25. c5 Rae8 26. Qd2 Qg3 27. Rh2 Nc4 28. Qc3 Ne5 29. Kf1 Bb5+ 30. Kg1 Nxf3+ 31. Rxf3 Re1+ 0-1

[Event "Regionalliga SW 9900"]
[Site "Bayern"]
[Date "2000.??.??"]
[Round "7.4"]
[White "Luettge, Bernd"]
[Black "Baeurle, Stefan"]
[Result "1-0"]
[WhiteElo "2000"]
[BlackElo "1980"]
[PlyCount "84"]
[EventDate "1999.??.??"]
[EventType "team-tourn"]
[EventRounds "9"]
[EventCountry "GER"]
[SourceTitle "EXT 2020"]
[Source "ChessBase"]
[SourceDate "2019.10.17"]
[SourceVersion "1"]
[SourceVersionDate "2019.10.17"]
[SourceQuality "1"]
[WhiteTeam "Klosterlechfeld"]
[BlackTeam "Augsburg SG 1873"]
[WhiteTeamCountry "GER"]
[BlackTeamCountry "GER"]

1. d4 Nf6 2. c4 g6 3. Nc3 Bg7 4. e4 d6 5. f3 0-0 6. Be3 Nc6 7. Nge2 a6 8. Qd2 Rb8 9. d5 Na5 10. Nd4 c5 11. dxc6 bxc6 12. Bd3 e5 13. Nde2 d5 14. cxd5 cxd5 15. exd5 Nxd5 16. Nxd5 Qxd5 17. Nc3 Qb7 18. Rb1 Rd8 19. Qe2 e4 20. Nxe4 Qb4+ 21. Kf2 f5 22. a3 Qe7 23. Ng5 Bf6 24. Bc4+ Kg7 25. f4 Bxg5 26. fxg5 f4 27. Bd4+ Kf8 28. Qxe7+ Kxe7 29. Bf6+ Kf8 30. Bxd8 Nxc4 31. b4 Nxa3 32. Bc7 Rb5 33. Bd6+ Kf7 34. Rbc1 Bf5 35. Rhe1 Rb7 36. Rc7+ Rxc7 37. Bxc7 Nc2 38. Rd1 Nxb4 39. Bxf4 Nc2 40. Bd6 Ke6 41. Rd2 Na1 42. Ra2 Bd3 1-0

[Event "Regionalliga SW 9900"]
[Site "Bayern"]
[Date "2000.??.??"]
[Round "5.4"]
[White "Luettge, Bernd"]
[Black "Begna, Bozidar"]
[Result "1-0"]
[WhiteElo "2000"]
[BlackElo "2080"]
[PlyCount "97"]
[EventDate "1999.??.??"]
[EventType "team-tourn"]
[EventRounds "9"]
[EventCountry "GER"]
[SourceTitle "EXT 2020"]
[Source "ChessBase"]
[SourceDate "2019.10.17"]
[SourceVersion "1"]
[SourceVersionDate "2019.10.17"]
[SourceQuality "1"]
[WhiteTeam "Klosterlechfeld"]
[BlackTeam "Muenchen Tarrasch"]
[WhiteTeamCountry "GER"]
[BlackTeamCountry "GER"]

1. d4 Nf6 2. c4 e6 3. Nf3 Bb4+ 4. Bd2 Qe7 5. g3 Nc6 6. Bg2 Bxd2+ 7. Nbxd2 d6 8. 0-0 a5 9. a3 0-0 10. Qc2 a4 11. Ne4 Nxe4 12. Qxe4 f5 13. Qc2 e5 14. dxe5 dxe5 15. e3 e4 16. Nd4 Ne5 17. Rfd1 c5 18. Nb5 Be6 19. Bf1 Rf6 20. Be2 Rh6 21. Qc3 Bf7 22. Kg2 Bh5 23. Bxh5 Rxh5 24. Rd5 Nf3 25. h3 Rd8 26. Rad1 Rxd5 27. cxd5 b6 28. d6 Qd7 29. Qc4+ Kf8 30. Qxa4 Ne5 31. Qa8+ Kf7 32. Qd5+ Kf6 33. Nc7 f4 34. g4 Rxh3 35. Ne8+ Qxe8 36. Kxh3 Qd7 37. Rg1 h5 38. Qxe4 hxg4+ 39. Kg2 f3+ 40. Kg3 Qxd6 41. Qf4+ Ke6 42. Rh1 Qd2 43. Rh5 Qxb2 44. Qf5+ Kd6 45. Qf8+ Ke6 46. Qxg7 Qa1 47. Qg8+ Kd6 48. Rh6+ Kc7 49. Qg7+ 1-0

[Event "Regionalliga SW 9900"]
[Site "Bayern"]
[Date "2000.??.??"]
[Round "9.4"]
[White "Luettge, Bernd"]
[Black "Tudosa, Daniel"]
[Result "0-1"]
[WhiteElo "2000"]
[BlackElo "2015"]
[PlyCount "96"]
[EventDate "1999.??.??"]
[EventType "team-tourn"]
[EventRounds "9"]
[EventCountry "GER"]
[SourceTitle "EXT 2020"]
[Source "ChessBase"]
[SourceDate "2019.10.17"]
[SourceVersion "1"]
[SourceVersionDate "2019.10.17"]
[SourceQuality "1"]
[WhiteTeam "Klosterlechfeld"]
[BlackTeam "Tuerkheim"]
[WhiteTeamCountry "GER"]
[BlackTeamCountry "GER"]

1. d4 g6 2. e4 Bg7 3. Nf3 d6 4. Be2 Nf6 5. Nc3 0-0 6. Bg5 c5 7. 0-0 cxd4 8. Nxd4 Nc6 9. Be3 Bd7 10. f4 a6 11. Qd2 Rc8 12. Nxc6 Bxc6 13. Bf3 Qc7 14. Rad1 Rfe8 15. g4 Nd7 16. Rf2 Qa5 17. e5 Bxf3 18. Rxf3 Nb6 19. Qf2 Nc4 20. Rd5 Qb4 21. Bc1 Nxb2 22. a3 Qxa3 23. Qb6 Na4 24. Bxa3 Nxb6 25. exd6 exd6 26. Rdd3 Nc4 27. Bc1 Re1+ 28. Rf1 Rxc1 29. Rxc1 Nb2 30. Ne2 Nxd3 31. cxd3 Rxc1+ 32. Nxc1 a5 33. Kf2 a4 34. Ke2 b5 35. Na2 Kf8 36. Ke3 Ke7 37. Nb4 Kd7 38. d4 Ke6 39. Kd3 d5 40. Kc3 Bf8 41. Nd3 Bd6 42. h3 f6 43. Kc2 Kd7 44. Kc3 Kc6 45. f5 gxf5 46. gxf5 Kb6 47. Kb2 b4 48. Kc2 Kb5 0-1

[Event "Regionalliga SW 9900"]
[Site "Bayern"]
[Date "1999.??.??"]
[Round "3.4"]
[White "Luettge, Bernd"]
[Black "Jermann, Frank"]
[Result "1/2-1/2"]
[WhiteElo "2000"]
[BlackElo "2045"]
[PlyCount "53"]
[EventDate "1999.??.??"]
[EventType "team-tourn"]
[EventRounds "9"]
[EventCountry "GER"]
[SourceTitle "EXT 2020"]
[Source "ChessBase"]
[SourceDate "2019.10.17"]
[SourceVersion "1"]
[SourceVersionDate "2019.10.17"]
[SourceQuality "1"]
[WhiteTeam "Klosterlechfeld"]
[BlackTeam "Muenchen Suedost"]
[WhiteTeamCountry "GER"]
[BlackTeamCountry "GER"]

1. d4 d5 2. c4 e6 3. Nc3 c5 4. Nf3 Nc6 5. e3 Nf6 6. Bd3 Be7 7. 0-0 0-0 8. a3 a5 9. dxc5 Bxc5 10. cxd5 exd5 11. Qc2 Qe7 12. e4 dxe4 13. Nxe4 Nxe4 14. Bxe4 h6 15. Re1 Be6 16. Be3 Bxe3 17. Rxe3 Rac8 18. Qa4 Qc5 19. Rc3 Qb6 20. Bxc6 Rxc6 21. Rxc6 bxc6 22. Re1 Rd8 23. h3 Rd5 24. Re2 Rb5 25. Qd4 c5 26. Qe5 c4 27. Qd4 1/2-1/2